Govt. of
Madhya Pradesh

The Talisman Stories And Poem (Record no. 65856)

MARC details
000 -LEADER
fixed length control field 00385nam a22001577a 4500
003 - CONTROL NUMBER IDENTIFIER
control field MACL
005 - DATE AND TIME OF LATEST TRANSACTION
control field 20230201121225.0
008 - FIXED-LENGTH DATA ELEMENTS--GENERAL INFORMATION
fixed length control field 230201b |||||||| |||| 00| 0 eng d
040 ## - CATALOGING SOURCE
Transcribing agency MACL
082 ## - DEWEY DECIMAL CLASSIFICATION NUMBER
Classification number 800/VIM
100 ## - MAIN ENTRY--PERSONAL NAME
Personal name Vimal, Ganga Prasad
9 (RLIN) 32384
245 ## - TITLE STATEMENT
Title The Talisman Stories And Poem
260 ## - PUBLICATION, DISTRIBUTION, ETC. (IMPRINT)
Place of publication, distribution, etc. Delhi
Name of publisher, distributor, etc. Yash Education
Date of publication, distribution, etc. 2018
650 ## - SUBJECT ADDED ENTRY--TOPICAL TERM
Topical term or geographic name as entry element Literature
942 ## - ADDED ENTRY ELEMENTS (KOHA)
Source of classification or shelving scheme
Koha item type Books
Holdings
Withdrawn status Lost status Source of classification or shelving scheme Damaged status Not for loan Home library Current library Date acquired Total Checkouts Full call number Barcode Date last seen Price effective from Koha item type
          MACL MACL 01/02/2023   800/VIM CRE040193 02/05/2024 01/02/2023 Books